[Event "VIE-ch (Women)"]
[Site "Ha Tien"]
[Date "2023.09.13"]
[Round "2"]
[White "Tran, Thi Nhu Y"]
[Black "Nguyen, Thi Mai Hung"]
[Result "0-1"]
[WhiteElo "1936"]
[BlackElo "2226"]
[PlyCount "52"]
[EventDate "2023.09.13"]
[EventType "swiss"]
[EventRounds "9"]
[EventCountry "VIE"]
[SourceTitle "EXT 2024"]
[Source "ChessBase"]
[SourceDate "2023.10.10"]
[SourceVersion "1"]
[SourceVersionDate "2023.10.10"]
[SourceQuality "1"]

1. e4 c5 2. Nf3 g6 3. d4 cxd4 4. Nxd4 Nc6 5. c4 Nf6 6. Nc3 d6 7. Be2 Nxd4 8. Qxd4 Bg7 9. 0-0 0-0 10. Qd2 Be6 11. f3 Rc8 12. Nd5 Nxd5 13. cxd5 Qb6+ 14. Kh1 Bd7 15. Rb1 Rc7 16. Qd3 Rfc8 17. Be3 Qa5 18. Qb3 b5 19. a3 Bxb2 20. Qxb2 Rc2 21. Qb4 Qxb4 22. axb4 Rxe2 23. Bxa7 Rcc2 24. Rg1 Bh3 25. Rgc1 Bxg2+ 26. Kg1 Bxf3 0-1

[Event "Hanoi op (Women)"]
[Site "Hanoi"]
[Date "2022.08.28"]
[Round "9"]
[White "Tran, Thi Nhu Y"]
[Black "Nguyen, Thanh Thuy Tien"]
[Result "1-0"]
[WhiteElo "1936"]
[BlackElo "1923"]
[PlyCount "75"]
[EventDate "2022.08.20"]
[EventType "swiss"]
[EventRounds "9"]
[EventCountry "VIE"]
[SourceTitle "CBM 209 Extra"]
[Source "ChessBase"]
[SourceDate "2022.09.30"]
[SourceVersion "1"]
[SourceVersionDate "2022.09.30"]
[SourceQuality "1"]

1. e4 c5 2. Nf3 d6 3. d4 cxd4 4. Nxd4 Nf6 5. Nc3 a6 6. Bg5 Nbd7 7. f4 Qc7 8. Be2 e6 9. Bf3 Be7 10. Qe2 h6 11. Bxf6 Bxf6 12. 0-0-0 d5 13. e5 Be7 14. Bxd5 Nb6 15. Bb3 Bd7 16. f5 0-0-0 17. fxe6 Be8 18. exf7 Bxf7 19. Qg4+ Kb8 20. Bxf7 Bg5+ 21. Kb1 Qxf7 22. Ne6 Rxd1+ 23. Rxd1 Be3 24. Qxg7 Qxg7 25. Nxg7 Rg8 26. Nf5 Bf4 27. e6 Kc7 28. g3 Be5 29. Nd5+ Nxd5 30. Rxd5 Bf6 31. Rd7+ Kc6 32. Rf7 Rd8 33. a3 Bg5 34. h4 Rd1+ 35. Ka2 Bc1 36. e7 Re1 37. Rf8 Kd7 38. e8Q+ 1-0

[Event "Hanoi op (Women)"]
[Site "Hanoi"]
[Date "2022.08.27"]
[Round "8"]
[White "Le, Thai Nga"]
[Black "Tran, Thi Nhu Y"]
[Result "1-0"]
[WhiteElo "1937"]
[BlackElo "1936"]
[PlyCount "79"]
[EventDate "2022.08.20"]
[EventType "swiss"]
[EventRounds "9"]
[EventCountry "VIE"]
[SourceTitle "CBM 209 Extra"]
[Source "ChessBase"]
[SourceDate "2022.09.30"]
[SourceVersion "1"]
[SourceVersionDate "2022.09.30"]
[SourceQuality "1"]

1. d4 d5 2. c4 e6 3. Nc3 Nf6 4. cxd5 exd5 5. Bg5 Be7 6. e3 0-0 7. Bd3 Nbd7 8. Nf3 b6 9. 0-0 Bb7 10. Rc1 c5 11. b3 Ne4 12. Bf4 f5 13. h3 Rc8 14. Na4 g5 15. Bh2 Qe8 16. Ne5 Nxe5 17. dxe5 b5 18. Nc3 Nxc3 19. Rxc3 c4 20. Be2 b4 21. Rc1 c3 22. f4 Bc5 23. Qd3 gxf4 24. Bxf4 Qe6 25. g4 Rcd8 26. Kh2 d4 27. gxf5 Qxf5 28. Qc4+ Kh8 29. Bg4 Qg6 30. Qxc5 dxe3 31. Bxe3 Rg8 32. Qxb4 Qc6 33. Bf3 Qg6 34. Rg1 Qd3 35. Rxc3 Qf5 36. Bxb7 Rd2+ 37. Bg2 Qxe5+ 38. Qf4 Rdxg2+ 39. Rxg2 Qxc3 40. Bd4+ 1-0

[Event "VIE-ch (Women)"]
[Site "Ho Chi Minh City"]
[Date "2021.03.28"]
[Round "6"]
[White "Tran, Thi Nhu Y"]
[Black "Kieu, Bich Thuy"]
[Result "1/2-1/2"]
[WhiteElo "1869"]
[BlackElo "1953"]
[PlyCount "107"]
[EventDate "2021.03.24"]
[EventType "swiss"]
[EventRounds "9"]
[EventCountry "VIE"]
[SourceTitle "EXT 2022"]
[Source "ChessBase"]
[SourceDate "2021.10.06"]
[SourceVersion "1"]
[SourceVersionDate "2021.10.06"]
[SourceQuality "1"]

1. e4 g6 2. d4 Bg7 3. Nf3 d6 4. Bc4 Nf6 5. Nc3 0-0 6. Bb3 Nc6 7. h3 Na5 8. Bg5 Nxb3 9. axb3 b6 10. 0-0 Bb7 11. Re1 h6 12. Bf4 c5 13. d5 a6 14. Qd2 Kh7 15. Rad1 b5 16. Nh2 b4 17. Na4 g5 18. Bg3 Nh5 19. Qd3 Nxg3 20. Qxg3 Bc8 21. f4 Rg8 22. Nf3 Bf6 23. fxg5 Bxg5 24. Nxg5+ Rxg5 25. Qf3 Qg8 26. Rf1 f6 27. Kh2 Rb8 28. Rf2 Qg6 29. Qf4 Bd7 30. Rdd2 Re5 31. Rde2 Rg8 32. Re3 Rg5 33. Qf3 Rh5 34. Qf4 Rg5 35. Qf3 Rb8 36. Qf4 Rg8 37. Qf3 h5 38. Nb6 Bb5 39. h4 Rg4 40. g3 Kh8 41. Rg2 a5 42. c3 Rb8 43. Nc4 Bxc4 44. bxc4 b3 45. Re1 a4 46. Qf5 Kg7 47. Qd7 Rxe4 48. Rge2 Re5 49. Qxa4 Qd3 50. Rxe5 fxe5 51. Qd7 Qd2+ 52. Kh3 Qxe1 53. Qxe7+ Kg8 54. Qe6+ 1/2-1/2

[Event "VIE Cup (Women)"]
[Site "Hanoi"]
[Date "2021.??.??"]
[Round "1"]
[White "Tran, Thi Nhu Y"]
[Black "Le, Minh Anh"]
[Result "1-0"]
[WhiteElo "1936"]
[BlackElo "2360"]
[PlyCount "97"]
[EventDate "2021.05.03"]
[EventType "swiss"]
[EventRounds "9"]
[EventCountry "VIE"]
[SourceTitle "EXT 2022"]
[Source "ChessBase"]
[SourceDate "2021.10.06"]
[SourceVersion "1"]
[SourceVersionDate "2021.10.06"]
[SourceQuality "1"]

1. e4 c5 2. Nf3 g6 3. c3 d5 4. exd5 Qxd5 5. d4 Bg7 6. Be2 Nc6 7. dxc5 Qxc5 8. Be3 Qa5 9. 0-0 Nf6 10. Nbd2 0-0 11. Nb3 Qc7 12. Qc1 Nd5 13. Bh6 Bg4 14. h3 Bxf3 15. Bxf3 Bxh6 16. Qxh6 Qf4 17. Qxf4 Nxf4 18. Nc5 Rfc8 19. Rfe1 e6 20. Nxb7 Rab8 21. Nd6 Rc7 22. b3 Nd3 23. Re3 Nde5 24. Bxc6 Rxc6 25. Rxe5 Rxd6 26. Kf1 Kf8 27. Ke1 Ke7 28. Rd1 Rbd8 29. Rxd6 Rxd6 30. Re2 f5 31. Rd2 Rc6 32. Rd3 e5 33. Kd2 Ke6 34. c4 Rd6 35. b4 Rxd3+ 36. Kxd3 Kd6 37. g4 a6 38. a3 h6 39. Ke3 Kc6 40. Kf3 Kb6 41. Kg3 Kc6 42. gxf5 gxf5 43. Kh4 Kb6 44. Kh5 e4 45. Kh4 Kc6 46. Kg3 Kd6 47. Kf4 Ke6 48. b5 axb5 49. cxb5 1-0

[Event "VIE-ch (Women)"]
[Site "Hanoi"]
[Date "2020.10.05"]
[Round "1"]
[White "Tran, Thi Nhu Y"]
[Black "Vo, Thi Kim Phung"]
[Result "0-1"]
[WhiteElo "1887"]
[BlackElo "2344"]
[PlyCount "90"]
[EventDate "2020.10.05"]
[EventType "swiss"]
[EventRounds "9"]
[EventCountry "VIE"]
[SourceTitle "EXT 2022"]
[Source "ChessBase"]
[SourceDate "2021.10.06"]
[SourceVersion "1"]
[SourceVersionDate "2021.10.06"]
[SourceQuality "1"]

1. e4 e6 2. d4 d5 3. exd5 exd5 4. Bd3 Nf6 5. Nf3 Bg4 6. 0-0 Be7 7. Bf4 0-0 8. Nbd2 c6 9. h3 Bh5 10. Re1 Nbd7 11. Nf1 Re8 12. Ng3 Bg6 13. Ne5 Qb6 14. Bxg6 hxg6 15. Qd3 Nf8 16. b3 Ba3 17. c4 dxc4 18. bxc4 Bb2 19. Rad1 Rad8 20. Be3 c5 21. Rb1 Rxe5 22. Qc2 cxd4 23. Bd2 Rxe1+ 24. Bxe1 d3 25. Qxb2 d2 26. Bxd2 Rxd2 27. Qxb6 axb6 28. Rxb6 Rd7 29. a4 Ne6 30. Rb5 Rc7 31. a5 Kf8 32. f3 Nd8 33. Rb4 Rc5 34. Ra4 Nc6 35. a6 bxa6 36. Rxa6 Rxc4 37. Ra2 Nd4 38. Rd2 g5 39. Nf1 Nd5 40. Ng3 f5 41. Nxf5 Nxf5 42. Rxd5 g6 43. Rd2 Kf7 44. Kf1 Kf6 45. Ra2 Nd4 0-1

[Event "VIE-chT (Women)"]
[Site "Bac Giang"]
[Date "2020.06.08"]
[Round "5.3"]
[White "Nguyen, Thi Mai Hung"]
[Black "Tran, Thi Nhu Y"]
[Result "1-0"]
[WhiteElo "2258"]
[BlackElo "1887"]
[PlyCount "111"]
[EventDate "2020.06.06"]
[EventType "swiss"]
[EventRounds "9"]
[EventCountry "VIE"]
[SourceTitle "CBM 197 Extra"]
[Source "ChessBase"]
[SourceDate "2020.09.30"]
[SourceVersion "1"]
[SourceVersionDate "2020.09.30"]
[SourceQuality "1"]

1. d4 Nf6 2. Nf3 e6 3. Bf4 c5 4. c3 Nc6 5. e3 d5 6. Nbd2 Bd6 7. Bg3 0-0 8. Bd3 Qe7 9. Ne5 Bxe5 10. dxe5 Nd7 11. f4 f6 12. Nf3 c4 13. Bc2 b5 14. Nd4 Nxd4 15. exd4 f5 16. a3 a5 17. 0-0 Ba6 18. Be1 Nb8 19. g4 Nc6 20. Qf3 Qf7 21. Bh4 Bb7 22. Rae1 Bc8 23. Re2 Bd7 24. Rg2 Kh8 25. Kh1 Ne7 26. Bxe7 Qxe7 27. gxf5 exf5 28. Rfg1 g6 29. Rg5 Ra6 30. Qf2 b4 31. axb4 axb4 32. h4 Kg7 33. h5 Kf7 34. Qh2 Kg7 35. Qg3 b3 36. Bd1 Be8 37. Qh3 Qe6 38. Kh2 Ra2 39. R1g2 Ra1 40. Bf3 Rb1 41. hxg6 Bxg6 42. Bh5 Qf7 43. Bxg6 hxg6 44. Rh5 Qg8 45. Rxg6+ Kxg6 46. Rg5+ Kf7 47. Qh5+ Ke7 48. Rxg8 Rxb2+ 49. Rg2 Rxg2+ 50. Kxg2 b2 51. Qg5+ Ke8 52. Qg6+ Ke7 53. Qd6+ Ke8 54. Qb8+ Ke7 55. Qxb2 Rg8+ 56. Kf3 1-0

[Event "VIE-chT (Women)"]
[Site "Ho Chi Minh City"]
[Date "2019.09.29"]
[Round "5.12"]
[White "Nguyen, To Tran"]
[Black "Tran, Thi Nhu Y"]
[Result "0-1"]
[WhiteElo "1775"]
[BlackElo "1887"]
[PlyCount "78"]
[EventDate "2019.09.26"]
[EventType "swiss"]
[EventRounds "9"]
[EventCountry "VIE"]
[SourceTitle "EXT 2020"]
[Source "ChessBase"]
[SourceDate "2019.10.17"]
[SourceVersion "1"]
[SourceVersionDate "2019.10.17"]
[SourceQuality "1"]

1. d4 d5 2. c4 e6 3. Nf3 c6 4. Qc2 Nf6 5. b3 Bb4+ 6. Nbd2 Nbd7 7. e3 0-0 8. Bd3 dxc4 9. Qxc4 c5 10. 0-0 Bxd2 11. Nxd2 cxd4 12. Ba3 dxe3 13. Ne4 Ne5 14. Nxf6+ gxf6 15. Bxh7+ Kxh7 16. Qh4+ Kg8 17. Bxf8 e2 18. Rfe1 Ng6 19. Qa4 Bd7 20. Qb4 Qxf8 21. Qxb7 Ne5 22. Rxe2 Bc6 23. Qc7 Rc8 24. Qxa7 Qg7 25. f4 Nf3+ 26. Kf2 Nxh2 27. Kg1 Ng4 28. Qa6 Rc7 29. Qd3 Rd7 30. Qc3 Qh6 31. Qg3 f5 32. Rc2 Qf6 33. Qc3 Qh6 34. Qg3 Bb7 35. Rac1 Ba6 36. Qh3 Qf6 37. Qc3 Qd8 38. Qe1 Rd3 39. Kh1 Re3 0-1

[Event "VIE-chT (Women)"]
[Site "Ho Chi Minh City"]
[Date "2019.09.27"]
[Round "3.5"]
[White "Le, Kieu Thien Kim"]
[Black "Tran, Thi Nhu Y"]
[Result "1-0"]
[WhiteElo "2194"]
[BlackElo "1887"]
[PlyCount "37"]
[EventDate "2019.09.26"]
[EventType "swiss"]
[EventRounds "9"]
[EventCountry "VIE"]
[SourceTitle "EXT 2020"]
[Source "ChessBase"]
[SourceDate "2019.10.17"]
[SourceVersion "1"]
[SourceVersionDate "2019.10.17"]
[SourceQuality "1"]

1. d4 d5 2. Nf3 Nf6 3. Bf4 c5 4. e3 Nc6 5. c3 cxd4 6. exd4 Bf5 7. Nbd2 e6 8. Qb3 Qc8 9. Nh4 Be4 10. Nxe4 Nxe4 11. f3 Nd6 12. g4 h6 13. Ng2 Qd7 14. Bd3 Be7 15. 0-0 Bg5 16. Be5 f6 17. Bg6+ Kd8 18. Bg3 Nc4 19. Qc2 1-0

[Event "VIE-chT (Women)"]
[Site "Ho Chi Minh City"]
[Date "2019.09.26"]
[Round "1.22"]
[White "Ngo, Thi My Duyen"]
[Black "Tran, Thi Nhu Y"]
[Result "1/2-1/2"]
[WhiteElo "1825"]
[BlackElo "1887"]
[PlyCount "75"]
[EventDate "2019.09.26"]
[EventType "swiss"]
[EventRounds "9"]
[EventCountry "VIE"]
[SourceTitle "EXT 2020"]
[Source "ChessBase"]
[SourceDate "2019.10.17"]
[SourceVersion "1"]
[SourceVersionDate "2019.10.17"]
[SourceQuality "1"]

1. e4 d5 2. exd5 Qxd5 3. Nc3 Qa5 4. Nf3 Bg4 5. h3 Bh5 6. g4 Bg6 7. d4 c6 8. Bd3 Nf6 9. Bxg6 hxg6 10. Ne5 Nbd7 11. Nc4 Qa6 12. Qe2 0-0-0 13. g5 Nd5 14. Nxd5 cxd5 15. Ne5 Qxe2+ 16. Kxe2 Nxe5 17. dxe5 e6 18. Be3 Kb8 19. Rad1 Be7 20. f4 Rc8 21. c3 b6 22. Kf3 Kb7 23. Kg4 Bc5 24. Bxc5 bxc5 25. Rh2 Kc6 26. h4 Rb8 27. Rdd2 Rh5 28. Rh3 c4 29. Re3 a5 30. Re1 a4 31. a3 Rb3 32. Rde2 Rb8 33. Rd1 Kc5 34. Rdd2 Rd8 35. Rd4 Rd7 36. Kg3 Rh8 37. Kg4 Rh5 38. Kg3 1/2-1/2

[Event "VIE-chB (Women)"]
[Site "Ba Dinh"]
[Date "2018.12.01"]
[Round "6"]
[White "Luong, Phuong Hanh"]
[Black "Tran, Thi Nhu Y"]
[Result "1-0"]
[WhiteElo "2152"]
[BlackElo "1887"]
[PlyCount "103"]
[EventDate "2018.11.28"]
[EventType "swiss"]
[EventRounds "9"]
[EventCountry "VIE"]
[SourceTitle "EXT 2021"]
[Source "ChessBase"]
[SourceDate "2020.10.23"]
[SourceVersion "1"]
[SourceVersionDate "2020.10.23"]
[SourceQuality "1"]

1. d4 d5 2. c4 dxc4 3. e3 e6 4. Nf3 Nf6 5. Bxc4 c5 6. 0-0 a6 7. Qc2 cxd4 8. Rd1 Nc6 9. exd4 Be7 10. Nc3 0-0 11. Ne4 Nb4 12. Nxf6+ Bxf6 13. Qe4 Qc7 14. Bb3 Qc6 15. Qe2 b6 16. Bf4 Bb7 17. Rac1 Qe4 18. Qxe4 Bxe4 19. Bd6 Nd3 20. Bc2 Rfc8 21. Bxd3 Bxd3 22. Ne5 Be4 23. Bc7 Bd8 24. Bxd8 Rxd8 25. Rc7 f6 26. Nd7 b5 27. Rdc1 Bg6 28. Nc5 Bf7 29. Nb7 Rf8 30. Nd6 Rad8 31. R1c6 e5 32. dxe5 Bxa2 33. f4 fxe5 34. fxe5 Bc4 35. h3 Rf1+ 36. Kh2 Bd5 37. Rc5 Bb3 38. Re7 Bf7 39. Rcc7 Bg6 40. Rxg7+ Kh8 41. h4 Re1 42. Rxg6 hxg6 43. Nf7+ Kg8 44. Nxd8 Rxe5 45. Rc6 Kg7 46. Rxa6 Re4 47. Ne6+ Kh6 48. Kh3 Rb4 49. Ra7 g5 50. Nxg5 Rxb2 51. Ra6+ Kg7 52. h5 1-0

[Event "VIE-chB (Women)"]
[Site "Ba Dinh"]
[Date "2018.11.30"]
[Round "5"]
[White "Tran, Thi Nhu Y"]
[Black "Nguyen, Thu Trang"]
[Result "1-0"]
[WhiteElo "1887"]
[BlackElo "2168"]
[PlyCount "101"]
[EventDate "2018.11.28"]
[EventType "swiss"]
[EventRounds "9"]
[EventCountry "VIE"]
[SourceTitle "EXT 2021"]
[Source "ChessBase"]
[SourceDate "2020.10.23"]
[SourceVersion "1"]
[SourceVersionDate "2020.10.23"]
[SourceQuality "1"]

1. e4 e5 2. Nf3 Nc6 3. Bc4 Bc5 4. c3 Nf6 5. d3 d6 6. 0-0 Bg4 7. Bg5 h6 8. Be3 Bxe3 9. fxe3 0-0 10. Nbd2 d5 11. exd5 Nxd5 12. Qe1 Nb6 13. Bb5 f6 14. d4 exd4 15. exd4 Ne7 16. Nh4 c6 17. Bd3 Nbd5 18. Qg3 Bh5 19. Rae1 Qb8 20. Qf2 Re8 21. Bb1 b5 22. Ne4 Bf7 23. Qc2 f5 24. Nc5 g6 25. Qd2 Kh7 26. Nd7 Qc7 27. Ne5 Ng8 28. Rf3 Ndf6 29. b4 Rad8 30. Qf2 Rd5 31. Rfe3 Rdd8 32. h3 Nd5 33. Rg3 Rd6 34. Rf1 Rf6 35. Qc2 Rxe5 36. dxe5 Qxe5 37. Rgf3 Nge7 38. Qc1 Re6 39. Nxf5 Nxf5 40. Bxf5 gxf5 41. Rxf5 Qe3+ 42. Qxe3 Rxe3 43. Rxf7+ Kg6 44. Rxa7 Rxc3 45. a3 Rc2 46. Rf3 Rc1+ 47. Kh2 Rc2 48. Ra8 Ra2 49. Rg8+ Kh7 50. Rd8 Rc2 51. Rd6 1-0

[Event "VIE-ch (Women)"]
[Site "Ho Chi Minh City"]
[Date "2018.04.29"]
[Round "4"]
[White "Tran, Le Dan Thuy"]
[Black "Tran, Thi Nhu Y"]
[Result "1-0"]
[WhiteElo "2064"]
[BlackElo "1915"]
[PlyCount "85"]
[EventDate "2018.04.27"]
[EventType "swiss"]
[EventRounds "9"]
[EventCountry "VIE"]
[SourceTitle "CBM 184 Extra"]
[Source "ChessBase"]
[SourceDate "2018.06.28"]
[SourceVersion "1"]
[SourceVersionDate "2018.06.28"]
[SourceQuality "1"]

1. e4 e6 2. d4 d5 3. exd5 exd5 4. Bd3 Bd6 5. Qf3 c6 6. Ne2 Qf6 7. Qxf6 Nxf6 8. Ng3 0-0 9. 0-0 Be6 10. Bg5 Nbd7 11. f4 Bg4 12. h3 Bh5 13. Nf5 Bc7 14. g4 Bg6 15. Ne7+ Kh8 16. f5 Rae8 17. Nxg6+ fxg6 18. fxg6 h6 19. Bh4 Ne4 20. Rf7 Bb6 21. c3 Ne5 22. Rxf8+ Rxf8 23. Bxe4 dxe4 24. Bg3 Nxg6 25. Nd2 c5 26. d5 e3 27. Nc4 Nf4 28. Bxf4 Rxf4 29. Nxb6 axb6 30. Rf1 Re4 31. Rf8+ Kh7 32. Kf1 Re5 33. Rf5 e2+ 34. Ke1 Re3 35. Rf7 Rxh3 36. Kxe2 Rh2+ 37. Kd3 Rxb2 38. d6 Rxa2 39. Rf8 Ra1 40. Kd2 Ra2+ 41. Ke3 Ra1 42. d7 Re1+ 43. Kd2 1-0

[Event "VIE-ch (Women)"]
[Site "Ho Chi Minh City"]
[Date "2018.04.27"]
[Round "2"]
[White "Pham, Thanh Phuong Thao"]
[Black "Tran, Thi Nhu Y"]
[Result "1-0"]
[WhiteElo "1679"]
[BlackElo "1915"]
[PlyCount "67"]
[EventDate "2018.04.27"]
[EventType "swiss"]
[EventRounds "9"]
[EventCountry "VIE"]
[SourceTitle "CBM 184 Extra"]
[Source "ChessBase"]
[SourceDate "2018.06.28"]
[SourceVersion "1"]
[SourceVersionDate "2018.06.28"]
[SourceQuality "1"]

1. d4 d5 2. Nf3 Nf6 3. c4 e6 4. Nc3 c6 5. Bg5 Be7 6. e3 Nbd7 7. Bd3 dxc4 8. Bxc4 b5 9. Bd3 Bb7 10. 0-0 a6 11. Rc1 c5 12. dxc5 Nxc5 13. Bc2 Qb6 14. Qe2 h6 15. Bh4 g5 16. Bg3 Nd5 17. Nxd5 Bxd5 18. b3 Qb7 19. Rfd1 f6 20. b4 Ne4 21. Bxe4 Bxe4 22. Rc7 Qb6 23. Rdc1 e5 24. Nd2 Bd5 25. Qh5+ Bf7 26. Qf3 Rd8 27. R1c6 Qb8 28. Ne4 f5 29. Bxe5 Qa8 30. Nd6+ Bxd6 31. Bxd6 Rxd6 32. Rxd6 Qb8 33. Qc6+ Kf8 34. Rc8+ 1-0

[Event "VIE-ch (Women)"]
[Site "Ho Chi Minh City"]
[Date "2018.04.27"]
[Round "1"]
[White "Tran, Thi Nhu Y"]
[Black "Thai, Ngoc Tuong Minh"]
[Result "1-0"]
[WhiteElo "1915"]
[BlackElo "1311"]
[PlyCount "105"]
[EventDate "2018.04.27"]
[EventType "swiss"]
[EventRounds "9"]
[EventCountry "VIE"]
[SourceTitle "CBM 184 Extra"]
[Source "ChessBase"]
[SourceDate "2018.06.28"]
[SourceVersion "1"]
[SourceVersionDate "2018.06.28"]
[SourceQuality "1"]

1. e4 c5 2. Nf3 d6 3. d4 cxd4 4. Nxd4 Nf6 5. Nc3 g6 6. Be2 Bg7 7. Be3 Nc6 8. h3 Bd7 9. Qd2 Rc8 10. Nb3 Ne5 11. Bh6 0-0 12. Bxg7 Kxg7 13. g4 Nc4 14. Qc1 Be6 15. Nd4 Qa5 16. Nb3 Qb6 17. g5 Nd7 18. h4 Nc5 19. h5 Nxb3 20. axb3 Nxb2 21. Qxb2 Qb4 22. Kd2 Qd4+ 23. Bd3 Qxf2+ 24. Ne2+ Kg8 25. h6 f6 26. Raf1 Qg2 27. Rhg1 Qh2 28. Kd1 Qe5 29. Qxe5 dxe5 30. Kd2 Rcd8 31. Ra1 a6 32. Ra5 Rd6 33. Rc5 Rfd8 34. Rc7 Bxb3 35. Ke3 Kf7 36. gxf6 Kxf6 37. Rxb7 Be6 38. Rf1+ Kg5 39. Rxe7 Kxh6 40. Rh1+ Kg5 41. Rexh7 R8d7 42. Rg1+ Kf6 43. Rh6 Rg7 44. Ng3 Kf7 45. Ra1 Rg8 46. Rh7+ Kf6 47. Bxa6 g5 48. Rf1+ Kg6 49. Rfh1 Rg7 50. R7h6+ Kf7 51. Bc4 Ke7 52. Bxe6 Rb6 53. Nf5+ 1-0

[Event "VIE-chT (Women)"]
[Site "Ho Chi Minh City"]
[Date "2017.07.25"]
[Round "3.9"]
[White "Tran, Thi Nhu Y"]
[Black "Nguyen, Thi Thuy"]
[Result "0-1"]
[WhiteElo "1947"]
[BlackElo "1729"]
[PlyCount "82"]
[EventDate "2017.07.24"]
[EventType "team-swiss"]
[EventRounds "9"]
[EventCountry "VIE"]
[SourceTitle "EXT 2019"]
[Source "ChessBase"]
[SourceDate "2018.10.10"]
[SourceVersion "1"]
[SourceVersionDate "2018.10.10"]
[SourceQuality "1"]

1. e4 e6 2. d4 d5 3. e5 c5 4. c3 Nc6 5. Nf3 cxd4 6. cxd4 Bb4+ 7. Nc3 Nge7 8. Bd3 Ng6 9. 0-0 Be7 10. a3 a6 11. Be3 0-0 12. Rc1 Bd7 13. Nd2 b5 14. f4 b4 15. axb4 Nxb4 16. Bb1 f5 17. g4 Nh4 18. Nf3 Nxf3+ 19. Rxf3 g6 20. Rh3 Rf7 21. Qf3 Rg7 22. Kh1 Kh8 23. Rg1 a5 24. Rhg3 a4 25. Bc1 Qb6 26. Ne2 Rc8 27. R3g2 Nc2 28. Qh3 Nxd4 29. Nxd4 Qxd4 30. Be3 Qb4 31. gxf5 exf5 32. Rxg6 Rxg6 33. Rxg6 d4 34. Rh6 Qb7+ 35. Kg1 Rg8+ 36. Kf1 Bb5+ 37. Ke1 Qh1+ 38. Kf2 dxe3+ 39. Kxe3 Bc5+ 40. Kd2 Rg2+ 41. Kc3 Qc1+ 0-1

[Event "VIE-chT (Women)"]
[Site "Ho Chi Minh City"]
[Date "2017.07.24"]
[Round "1.20"]
[White "Tran, Thi Nhu Y"]
[Black "Nguyen, Thi Kieu"]
[Result "1-0"]
[WhiteElo "1947"]
[BlackElo "1921"]
[PlyCount "97"]
[EventDate "2017.07.24"]
[EventType "team-swiss"]
[EventRounds "9"]
[EventCountry "VIE"]
[SourceTitle "EXT 2019"]
[Source "ChessBase"]
[SourceDate "2018.10.10"]
[SourceVersion "1"]
[SourceVersionDate "2018.10.10"]
[SourceQuality "1"]

1. e4 c5 2. Nf3 Nc6 3. d4 cxd4 4. Nxd4 g6 5. Nc3 Bg7 6. Be3 Nf6 7. Be2 0-0 8. Qd2 d6 9. f4 Nxd4 10. Bxd4 e5 11. Be3 exf4 12. Bxf4 Qb6 13. Bf3 Rd8 14. 0-0-0 Be6 15. Be3 Qa5 16. a3 Rac8 17. Nd5 Nxd5 18. Qxa5 Nxe3 19. c3 d5 20. Rxd5 Rxd5 21. exd5 Nc4 22. Qb5 Bf6 23. Kb1 Bf5+ 24. Ka2 Nd6 25. Qa4 a6 26. Rd1 Nb5 27. c4 Nd6 28. g4 Rxc4 29. Qxc4 Nxc4 30. gxf5 Ne3 31. Rd3 Nxf5 32. d6 Kf8 33. d7 Bg5 34. d8Q+ Bxd8 35. Rxd8+ Ke7 36. Ra8 Nd6 37. Ra7 f5 38. Bxb7 Nxb7 39. Rxb7+ Kf6 40. Rxh7 f4 41. Kb1 Kf5 42. Kc2 Kg4 43. Kd2 g5 44. Ke2 Kf5 45. b4 g4 46. a4 Ke4 47. b5 axb5 48. axb5 f3+ 49. Kf2 1-0

[Event "VIE-ch (Women)"]
[Site "Vietnam"]
[Date "2016.04.30"]
[Round "6"]
[White "Tran, Thi Nhu Y"]
[Black "Tran, Thi Mong Thu"]
[Result "0-1"]
[WhiteElo "1947"]
[BlackElo "1921"]
[PlyCount "89"]
[EventDate "2016.04.27"]
[EventType "swiss"]
[EventRounds "9"]
[EventCountry "VIE"]
[SourceTitle "CBM 172 Extra"]
[Source "ChessBase"]
[SourceDate "2016.06.21"]
[SourceVersion "1"]
[SourceVersionDate "2016.06.21"]
[SourceQuality "1"]

1. e4 c5 2. Nf3 d6 3. d4 cxd4 4. Nxd4 Nf6 5. Nc3 a6 6. Be2 e5 7. Nf3 Be7 8. 0-0 0-0 9. h3 b5 10. a3 Be6 11. Be3 Nbd7 12. Re1 Rc8 13. Rc1 Nb6 14. Nd2 d5 15. Bxb6 Qxb6 16. exd5 Nxd5 17. Nxd5 Bxd5 18. Bg4 Rcd8 19. Qe2 f5 20. Bh5 e4 21. c4 bxc4 22. Nxc4 Qh6 23. Ne3 Ba8 24. Qc4+ Kh8 25. Be2 f4 26. Ng4 Qg5 27. Bf1 h5 28. Nh2 f3 29. Re3 Bd6 30. Rce1 fxg2 31. Bxg2 Bxh2+ 32. Kxh2 Rxf2 33. Rg3 Qe5 34. Qc3 Qxc3 35. bxc3 Ra2 36. Kg1 Rxa3 37. Bxe4 Bxe4 38. Rxe4 Rd2 39. Re1 Kh7 40. Rg5 g6 41. Rc5 Rc2 42. Rf1 Rcxc3 43. Rxc3 Rxc3 44. Ra1 Rxh3 45. Ra5 0-1

[Event "VIE-ch (Women)"]
[Site "Vietnam"]
[Date "2016.04.27"]
[Round "1"]
[White "Tran, Thi Nhu Y"]
[Black "Pham, Le Thao Nguyen"]
[Result "0-1"]
[WhiteElo "1947"]
[BlackElo "2342"]
[PlyCount "58"]
[EventDate "2016.04.27"]
[EventType "swiss"]
[EventRounds "9"]
[EventCountry "VIE"]
[SourceTitle "CBM 172 Extra"]
[Source "ChessBase"]
[SourceDate "2016.06.21"]
[SourceVersion "1"]
[SourceVersionDate "2016.06.21"]
[SourceQuality "1"]

1. e4 Nf6 2. Nc3 e5 3. Nf3 Nc6 4. Bc4 Nxe4 5. Bxf7+ Kxf7 6. Nxe4 d5 7. Neg5+ Kg8 8. d4 h6 9. Nh3 e4 10. Nfg1 Qf6 11. Be3 Bd6 12. c3 Kh7 13. Qh5 Be6 14. Ng5+ Kg8 15. Nxe6 Qxe6 16. Ne2 Rf8 17. 0-0 Ne7 18. Ng3 c6 19. Rac1 Kh7 20. b3 Rf7 21. Rc2 Rhf8 22. Re1 Ng8 23. Bc1 Rf6 24. Nf1 Rg6 25. Ne3 Nf6 26. Qf5 Bxh2+ 27. Kf1 Qxf5 28. Nxf5 Nh5 29. Ne3 Ng3# 0-1